000 00839nam a22002417a 4500
005 20140313100407.0
008 131217b xxu||||| |||| 00| 0 eng d
020 _a9781609182120
050 _aHM 1033
_b.So678 2011
245 _aSocial psychology and evaluation /
_cedited by Melvin M. Mark, Stewart I. Donaldson, Bernadette Campbell.
260 _aNew York :
_bGuilford Press,
_c2011.
300 _axii, 420 p. :
_bill. ;
_c23 cm.
504 _aIncludes Bibliographic References and Index.
521 _aPSYCH
650 _aSocial psychology
_xMethodology.
650 _aEvaluation.
650 _aAdult services in public libraries
_xEvaluation.
700 _aMark, Melvin M.
_eeditor.
700 _aDonaldson, Stewart I.
_eeditor.
700 _aCampbell, Bernadette.
_eeditor.
942 _2lcc
_cBK
_kFOR
999 _c25852
_d25852